000 00974naa a2200277 c 4500
001 43439
003 ES-MaCES
005 20121115111800.0
008 121115n2012 sp t 000 | spa d
035 _aCES20120010517v
040 _aES-MaCES
_bspa
_cES-MaCES
100 1 _aMartín Machuca, César
_917969
245 1 3 _aLa balanza de pagos de España en 2011
_cCésar Martín Machuca, Patrocinio Tello
504 _aBibliografía: p. 23
650 4 _a2011
_931999
650 4 _aEspaña
_926964
650 4 _ainversiones extranjeras
_928175
650 4 _arelaciones económicas
_926673
650 4 _abalanza de pagos
_928171
653 1 0 _aEstadísticas económico-sociales
700 1 _aTello Casas, Patrocinio
_924773
773 0 _tCuadernos de información económica
_gn. 228 (mayo-jun. 2012){10345 R. 081901}; p. 13-23
_w(ES-MaCES)25356
_953178
902 _aART Artículo de revista
942 _2CES
_cAR
_h8.2.
999 _c43439
_d43439